000 00775nam a2200229 i 4500
003 IT-RoINE
005 20190619083723.0
008 900514s1981 sp | ||| ||spa d
020 _a8472990855
040 _aIBH
_bspa
_cSpMaBN
_dIT-RoINE
100 1 _aSerrano Ruiz, José María
_925247
245 1 0 _aNulidad de matrimonio :
_bcoram Serrano /
_cJosé María Serrano Ruiz.
260 _aSalamanca :
_bUniversidad Pontificia,
_c1981.
300 _a334 p. ;
_c24 cm.
336 _2rdacontent
_atext
337 _2rdamedia
_aunmediated
338 _2rdacarrier
_avolume
490 0 _aBibliotheca Salmanticensis.
_aEstudios ;
_v43
650 4 _925248
_aMatrimonio (Derecho canónico)
_xAnulación
830 0 _93087
_aBibliotheca Salmanticensis.
_pEstudios ;
_v43
942 _cMTS
999 _c12406
_d12406